00625nam a22001937a 450000500170000000800410001702000180005804000210007604100080009708200210010524501170012625000120024326000350025530000150029065000350030565000310034070000290037170000310040020260515114934.0221121b ||||| |||| 00| 0 eng d a9788120288065 aIN-DiNCcIN-DiNC dasm a398.0954162bASA aAsamar lookanritya-natya paramporar gathan ary paribeshya kala/cedited by Snigdha Mahanta and Biman Kumar Doley a1st ed. aNagaon:bDhing College,c2017. axiv, 504p. aTraditional folkdance of Assam aTraditional drama of Assam aMahanta, SnigdhaeEditor aDoley, Biman KumareEditor